01139nam a22002657a 45000010005000000030006000050050017000110080041000280200018000690400029000870500014001160820011001301000017001412450074001582600037002323000043002694900023003125050008003355200382003435210029007255210020007546500038007746500029008127000032008415485FISKH20241210163312.0241210b cb ||||| |||| 00| 0 eng d a9781407104300 aFISKHbengcFISKHdFISKH aDA195.D43 a942.02 aDeary, Terry aThe stormin' Normans /cby Terry Deary : illustrated by Martin Brown  aNew York : bScholastic ;c2000. a139 pages : billustrations ;c21 cm . aHorrible Histories aS  aReaders can discover all the foul facts about the Stormin' Normans, including why Norman knights slept with a dolly, which pirate hung up his eye-patch and became a saint and why Crusader ships were defended with barrels of pee. Refreshed with a fantastic new design for 2016, these bestselling titles are sure to be a huge hit with yet another generation of Terry Deary fans. 8 a800 bLexile estimate 8 aS bRaz-Plus  aChildren's ReferencevNon-fiction aMiddle AgesvNon-fiction aBrown, Martineillustrator